000 00416nam a2200169Ia 4500
005 20250423094836.0
008 250422s9999 xx 000 0 und d
020 _a9780655534105
050 _aTK 5105.5 .B56/
100 _aBlokdyk, Gerardus
245 0 _aComputer Network Administration
260 _b5STARCooks
260 _c2023
300 _a366 p
650 _aComputer networks--Management
942 _cBK
999 _c28460
_d28460